[Event "DEM U14w 2017"]
[Site "Willingen GER"]
[Date "2017.06.10"]
[Round "9"]
[White "Müdder, Melanie"]
[Black "Glinzner, Alva"]
[Result "0-1"]
[Termination "normal"]
[Board "1"]
[WhiteElo "1769"]
[BlackElo "1750"]
[WhiteClock "00:27:32"]
[BlackClock "00:22:11"]
[PlyCount "104"]
[WhiteFideId "12994103"]
[BlackFideId "16206169"]
[EventCountry "GER"]
[EventRounds "9"]
[EventType "swiss"]
[EventDate "2017.06.03"]

1. e4 {[%clk 1:30:58]} 1... c5 {[%clk 1:30:49]} 2. Nf3 {[%clk 1:31:17]} 2... e6
{[%clk 1:31:08]} 3. d4 {[%clk 1:31:37]} 3... cxd4 {[%clk 1:31:32]} 4. Nxd4 {
[%clk 1:31:55]} 4... a6 {[%clk 1:31:57]} 5. Nc3 {[%clk 1:31:49]} 5... Qc7 {
[%clk 1:32:09]} 6. Qf3 {[%clk 1:32:08]} 6... Nf6 {[%clk 1:31:55]} 7. g4 { [%clk
1:32:10]} 7... d6 {[%clk 1:30:55]} 8. g5 {[%clk 1:24:34]} 8... Nfd7 { [%clk
1:30:20]} 9. Be3 {[%clk 1:20:51]} 9... Nc6 {[%clk 1:22:56]} 10. Qg3 { [%clk
1:09:49]} 10... b5 {[%clk 1:16:49]} 11. a3 {[%clk 1:09:48]} 11... Bb7 { [%clk
1:15:48]} 12. O-O-O {[%clk 1:02:08]} 12... Nxd4 {[%clk 1:12:39]} 13. Bxd4
{[%clk 0:52:57]} 13... Rc8 {[%clk 1:11:29]} 14. f3 {[%clk 0:38:54]} 14... Nc5 {
[%clk 1:07:38]} 15. Bxc5 {[%clk 0:32:46]} 15... Qxc5 {[%clk 1:07:21]} 16. Qg2 {
[%clk 0:30:22]} 16... g6 {[%clk 0:54:04]} 17. Qd2 {[%clk 0:22:56]} 17... h6 {
[%clk 0:50:12]} 18. f4 {[%clk 0:19:57]} 18... hxg5 {[%clk 0:49:19]} 19. fxg5 {
[%clk 0:20:01]} 19... Be7 {[%clk 0:49:47]} 20. Rg1 {[%clk 0:17:54]} 20... Rh5 {
[%clk 0:48:05]} 21. Kb1 {[%clk 0:16:29]} 21... Bxg5 {[%clk 0:36:19]} 22. Qxd6 {
[%clk 0:14:18]} 22... Qxd6 {[%clk 0:35:54]} 23. Rxd6 {[%clk 0:13:51]} 23... Bf4
{[%clk 0:35:40]} 24. Rd3 {[%clk 0:11:22]} 24... Rxh2 {[%clk 0:35:10]} 25. Rf3 {
[%clk 0:10:30]} 25... Be5 {[%clk 0:33:42]} 26. Bd3 {[%clk 0:10:22]} 26... Rh4 {
[%clk 0:24:12]} 27. Rgf1 {[%clk 0:08:34]} 27... Rc7 {[%clk 0:16:03]} 28. Re3 {
[%clk 0:07:45]} 28... Ke7 {[%clk 0:09:50]} 29. Ne2 {[%clk 0:07:04]} 29... g5 {
[%clk 0:07:15]} 30. Rg1 {[%clk 0:05:54]} 30... f6 {[%clk 0:06:53]} 31. c3 {
[%clk 0:05:07]} 31... Rd7 {[%clk 0:06:45]} 32. Ka2 {[%clk 0:04:28]} 32... Rd8 {
[%clk 0:04:40]} 33. Ng3 {[%clk 0:03:12]} 33... Bf4 {[%clk 0:04:09]} 34. Rf3 {
[%clk 0:02:32]} 34... Bxg3 {[%clk 0:04:20]} 35. Rfxg3 {[%clk 0:02:31]} 35...
Bxe4 {[%clk 0:04:34]} 36. Bxe4 {[%clk 0:02:17]} 36... Rxe4 {[%clk 0:04:59]} 37.
Rh3 {[%clk 0:01:48]} 37... Rf8 {[%clk 0:03:55]} 38. Rd1 {[%clk 0:01:40]} 38...
Rh4 {[%clk 0:03:07]} 39. Rhd3 {[%clk 0:01:44]} 39... f5 {[%clk 0:02:11]} 40.
Rd7+ {[%clk 0:01:59]} 40... Kf6 {[%clk 0:02:36]} 41. R7d6 {[%clk 0:01:49]}
41... Ra8 {[%clk 0:01:42]} 42. Re1 {[%clk 0:00:45]} 42... Re4 {[%clk 0:29:03]}
43. Rh1 {[%clk 0:31:21]} 43... Ke5 {[%clk 0:28:47]} 44. Rb6 {[%clk 0:31:31]}
44... f4 {[%clk 0:28:29]} 45. Rh6 {[%clk 0:30:50]} 45... Kf5 {[%clk 0:28:32]}
46. Rc6 {[%clk 0:30:16]} 46... f3 {[%clk 0:27:42]} 47. Rh1 {[%clk 0:29:13]}
47... g4 {[%clk 0:25:34]} 48. Rc5+ {[%clk 0:29:02]} 48... e5 {[%clk 0:25:25]}
49. Rc6 {[%clk 0:28:41]} 49... f2 {[%clk 0:23:16]} 50. Rh5+ {[%clk 0:28:30]}
50... Kf4 {[%clk 0:23:35]} 51. Rf6+ {[%clk 0:28:44]} 51... Kg3 {[%clk 0:23:10]}
52. Rh1 {[%clk 0:27:32]} 52... Rf4 {[%clk 0:22:11]} 0-1

[Event "DEM U14w 2017"]
[Site "Willingen GER"]
[Date "2017.06.10"]
[Round "9"]
[White "Schneider, Katharina"]
[Black "Khamenya, Vitalia"]
[Result "0-1"]
[Termination "normal"]
[Board "2"]
[WhiteElo "1493"]
[BlackElo "1814"]
[WhiteClock "00:10:48"]
[BlackClock "00:07:23"]
[PlyCount "56"]
[WhiteFideId "16200519"]
[BlackFideId "12959260"]
[EventCountry "GER"]
[EventRounds "9"]
[EventType "swiss"]
[EventDate "2017.06.03"]

1. d4 {[%clk 1:30:58]} 1... d5 {[%clk 1:30:06]} 2. Nc3 {[%clk 1:31:10]} 2... f5
{[%clk 1:29:13]} 3. Bf4 {[%clk 1:26:38]} 3... c6 {[%clk 1:28:44]} 4. Qd2 {
[%clk 1:24:37]} 4... Nf6 {[%clk 1:28:49]} 5. O-O-O {[%clk 1:18:51]} 5... e6 {
[%clk 1:27:20]} 6. Nf3 {[%clk 1:14:42]} 6... Bb4 {[%clk 1:23:47]} 7. Bg5 {
[%clk 1:09:08]} 7... O-O {[%clk 1:18:30]} 8. a3 {[%clk 1:05:52]} 8... Bd6 {
[%clk 1:14:08]} 9. Ne5 {[%clk 0:59:10]} 9... b5 {[%clk 1:08:47]} 10. Na2 {
[%clk 0:48:54]} 10... a5 {[%clk 1:06:13]} 11. c3 {[%clk 0:44:47]} 11... Qb6 {
[%clk 1:02:29]} 12. Bxf6 {[%clk 0:43:22]} 12... Rxf6 {[%clk 1:02:34]} 13. e3 {
[%clk 0:41:21]} 13... Na6 {[%clk 0:58:39]} 14. f4 {[%clk 0:37:01]} 14... b4 {
[%clk 0:52:05]} 15. Bxa6 {[%clk 0:33:19]} 15... bxc3 {[%clk 0:50:26]} 16. Qxc3
{[%clk 0:32:26]} 16... Rxa6 {[%clk 0:48:46]} 17. Kb1 {[%clk 0:31:35]} 17... c5
{[%clk 0:42:19]} 18. Rc1 {[%clk 0:29:03]} 18... c4 {[%clk 0:42:11]} 19. h3 {
[%clk 0:26:40]} 19... Ra7 {[%clk 0:40:14]} 20. g4 {[%clk 0:25:34]} 20... Ba6 {
[%clk 0:30:30]} 21. g5 {[%clk 0:23:50]} 21... Rf8 {[%clk 0:30:26]} 22. Rcg1 {
[%clk 0:20:48]} 22... Rb8 {[%clk 0:28:52]} 23. Rh2 {[%clk 0:20:38]} 23... Bb5 {
[%clk 0:21:34]} 24. h4 {[%clk 0:19:14]} 24... Ba4 {[%clk 0:18:37]} 25. Rg3 {
[%clk 0:18:05]} 25... Rab7 {[%clk 0:17:03]} 26. Kc1 {[%clk 0:13:56]} 26... Bb3
{[%clk 0:15:45]} 27. Kb1 {[%clk 0:14:01]} 27... Bxa3 {[%clk 0:14:43]} 28. Nc1 {
[%clk 0:10:48]} 28... Bb4 {[%clk 0:07:23]} 0-1

[Event "DEM U14w 2017"]
[Site "Willingen GER"]
[Date "2017.06.10"]
[Round "9"]
[White "Kunisch, Nina"]
[Black "Bui, Ngoc Han Julia"]
[Result "1/2-1/2"]
[Termination "normal"]
[Board "3"]
[WhiteElo "1599"]
[BlackElo "1794"]
[WhiteClock "00:21:52"]
[BlackClock "00:16:47"]
[PlyCount "121"]
[WhiteFideId "12982849"]
[BlackFideId "12977055"]
[EventCountry "GER"]
[EventRounds "9"]
[EventType "swiss"]
[EventDate "2017.06.03"]

1. d4 {[%clk 1:30:57]} 1... Nf6 {[%clk 1:28:54]} 2. Bf4 {[%clk 1:31:07]} 2...
g6 {[%clk 1:29:15]} 3. e3 {[%clk 1:31:27]} 3... Bg7 {[%clk 1:28:56]} 4. Nf3 {
[%clk 1:31:11]} 4... O-O {[%clk 1:27:22]} 5. h3 {[%clk 1:30:16]} 5... d5 {
[%clk 1:27:39]} 6. c3 {[%clk 1:28:47]} 6... c5 {[%clk 1:22:34]} 7. Bd3 { [%clk
1:27:00]} 7... b6 {[%clk 1:17:44]} 8. O-O {[%clk 1:24:34]} 8... Bb7 { [%clk
1:16:43]} 9. Nbd2 {[%clk 1:23:52]} 9... Nc6 {[%clk 1:11:48]} 10. Bc2 { [%clk
1:15:22]} 10... Rc8 {[%clk 1:06:58]} 11. Nb3 {[%clk 1:10:44]} 11... cxd4 {[%clk
0:58:40]} 12. exd4 {[%clk 1:02:35]} 12... Nd7 {[%clk 0:51:10]} 13. Re1 { [%clk
0:58:24]} 13... Re8 {[%clk 0:48:44]} 14. Rc1 {[%clk 0:51:44]} 14... e5 { [%clk
0:41:51]} 15. dxe5 {[%clk 0:47:42]} 15... Ndxe5 {[%clk 0:40:22]} 16. Nbd4
{[%clk 0:42:21]} 16... Nc4 {[%clk 0:17:57]} 17. b3 {[%clk 0:24:56]} 17... Rxe1+
{[%clk 0:16:19]} 18. Qxe1 {[%clk 0:23:52]} 18... Nxd4 {[%clk 0:16:27]} 19. cxd4
{[%clk 0:19:39]} 19... Na5 {[%clk 0:15:25]} 20. Be3 {[%clk 0:17:27]} 20... Nc6
{[%clk 0:14:43]} 21. Bd3 {[%clk 0:17:09]} 21... Qe7 {[%clk 0:14:07]} 22. Bb5 {
[%clk 0:15:17]} 22... a6 {[%clk 0:14:25]} 23. Bxc6 {[%clk 0:14:42]} 23... Rxc6
{[%clk 0:14:14]} 24. Rxc6 {[%clk 0:14:59]} 24... Bxc6 {[%clk 0:14:41]} 25. Qc3
{[%clk 0:14:49]} 25... Bb7 {[%clk 0:14:03]} 26. Bf4 {[%clk 0:12:16]} 26... Qd7
{[%clk 0:11:28]} 27. Qc7 {[%clk 0:11:46]} 27... Qxc7 {[%clk 0:11:46]} 28. Bxc7
{[%clk 0:12:10]} 28... b5 {[%clk 0:11:56]} 29. Bb6 {[%clk 0:11:07]} 29... f6 {
[%clk 0:11:38]} 30. Ne1 {[%clk 0:10:56]} 30... Kf7 {[%clk 0:11:51]} 31. Nd3 {
[%clk 0:11:01]} 31... Ke7 {[%clk 0:11:26]} 32. Kf1 {[%clk 0:10:45]} 32... Bc8 {
[%clk 0:09:17]} 33. Ke2 {[%clk 0:09:30]} 33... Ke6 {[%clk 0:06:38]} 34. Nf4+ {
[%clk 0:09:14]} 34... Kd6 {[%clk 0:07:03]} 35. Bc5+ {[%clk 0:09:37]} 35... Kc6
{[%clk 0:07:14]} 36. Nd3 {[%clk 0:10:01]} 36... a5 {[%clk 0:06:56]} 37. b4 {
[%clk 0:08:51]} 37... a4 {[%clk 0:06:24]} 38. f3 {[%clk 0:07:20]} 38... Bf5 {
[%clk 0:05:40]} 39. g4 {[%clk 0:06:19]} 39... Bxd3+ {[%clk 0:05:41]} 40. Kxd3 {
[%clk 0:06:33]} 40... Kd7 {[%clk 0:05:54]} 41. f4 {[%clk 0:05:22]} 41... Ke6 {
[%clk 0:05:20]} 42. Ke3 {[%clk 0:04:23]} 42... h5 {[%clk 0:04:06]} 43. Kf3 {
[%clk 0:04:27]} 43... Bh6 {[%clk 0:02:27]} 44. Ke3 {[%clk 0:01:51]} 44... Kf7 {
[%clk 0:30:27]} 45. Kf3 {[%clk 0:30:57]} 45... Bg7 {[%clk 0:29:49]} 46. Ke3 {
[%clk 0:28:14]} 46... Kg8 {[%clk 0:29:40]} 47. Kf3 {[%clk 0:26:41]} 47... Kh7 {
[%clk 0:30:05]} 48. a3 {[%clk 0:24:37]} 48... Kh6 {[%clk 0:30:13]} 49. Kg3 {
[%clk 0:22:30]} 49... Kh7 {[%clk 0:27:49]} 50. Kf3 {[%clk 0:22:21]} 50... Kg8 {
[%clk 0:28:01]} 51. Ke3 {[%clk 0:22:23]} 51... Kf7 {[%clk 0:28:16]} 52. Kf3 {
[%clk 0:22:21]} 52... Kg8 {[%clk 0:17:14]} 53. Kg3 {[%clk 0:21:43]} 53... Kh7 {
[%clk 0:16:40]} 54. Kf3 {[%clk 0:21:48]} 54... hxg4+ {[%clk 0:16:57]} 55. hxg4
{[%clk 0:22:04]} 55... Kh6 {[%clk 0:17:22]} 56. Kg3 {[%clk 0:22:13]} 56... Kh7
{[%clk 0:16:23]} 57. Kf3 {[%clk 0:22:32]} 57... Kg8 {[%clk 0:16:48]} 58. Kg3 {
[%clk 0:22:38]} 58... Kf7 {[%clk 0:17:13]} 59. Kf3 {[%clk 0:21:34]} 59... Bf8 {
[%clk 0:16:21]} 60. Bxf8 {[%clk 0:21:45]} 60... Kxf8 {[%clk 0:16:47]} 61. Kg3 {
[%clk 0:21:52]} 1/2-1/2

[Event "DEM U14w 2017"]
[Site "Willingen GER"]
[Date "2017.06.10"]
[Round "9"]
[White "Garbuz, Nicole"]
[Black "Berelowitsch, Dana"]
[Result "1/2-1/2"]
[Termination "normal"]
[Board "4"]
[WhiteElo "1598"]
[BlackElo "1646"]
[WhiteClock "00:05:49"]
[BlackClock "00:01:12"]
[PlyCount "43"]
[WhiteFideId "12990701"]
[BlackFideId "12977144"]
[EventCountry "GER"]
[EventRounds "9"]
[EventType "swiss"]
[EventDate "2017.06.03"]

1. f4 {[%clk 1:30:58]} 1... d5 {[%clk 1:30:39]} 2. b3 {[%clk 1:31:23]} 2... c5
{[%clk 1:30:10]} 3. Bb2 {[%clk 1:30:49]} 3... Nc6 {[%clk 1:29:47]} 4. e3 {
[%clk 1:30:38]} 4... Nf6 {[%clk 1:28:45]} 5. Bb5 {[%clk 1:29:57]} 5... Bf5 {
[%clk 1:21:24]} 6. Bxc6+ {[%clk 1:29:00]} 6... bxc6 {[%clk 1:21:43]} 7. Nf3 {
[%clk 1:28:52]} 7... e6 {[%clk 1:13:30]} 8. O-O {[%clk 1:26:28]} 8... Be7 {
[%clk 1:11:41]} 9. Ne5 {[%clk 1:23:10]} 9... Qb6 {[%clk 1:09:30]} 10. g4 {
[%clk 0:44:52]} 10... Bg6 {[%clk 1:01:23]} 11. Rf3 {[%clk 0:43:11]} 11... O-O-O
{[%clk 0:26:42]} 12. Rh3 {[%clk 0:37:33]} 12... h5 {[%clk 0:21:40]} 13. Nxg6 {
[%clk 0:33:08]} 13... fxg6 {[%clk 0:21:58]} 14. g5 {[%clk 0:33:17]} 14... Ng4 {
[%clk 0:20:54]} 15. Rg3 {[%clk 0:17:33]} 15... Qc7 {[%clk 0:12:36]} 16. h3 {
[%clk 0:14:12]} 16... Bxg5 {[%clk 0:10:03]} 17. hxg4 {[%clk 0:12:51]} 17... Bh4
{[%clk 0:07:54]} 18. Be5 {[%clk 0:09:44]} 18... Qf7 {[%clk 0:06:22]} 19. Rh3 {
[%clk 0:08:07]} 19... hxg4 {[%clk 0:01:53]} 20. Qxg4 {[%clk 0:08:20]} 20... g5
{[%clk 0:01:54]} 21. Nc3 {[%clk 0:06:38]} 21... Rh7 {[%clk 0:01:12]} 22. Rf1 {
[%clk 0:05:49]} 1/2-1/2

[Event "DEM U14w 2017"]
[Site "Willingen GER"]
[Date "2017.06.10"]
[Round "9"]
[White "Schnabel, Luise"]
[Black "Schwegler, Jelena"]
[Result "0-1"]
[Termination "normal"]
[Board "5"]
[WhiteElo "1661"]
[BlackElo "1284"]
[WhiteClock "00:02:25"]
[BlackClock "00:15:53"]
[PlyCount "80"]
[WhiteFideId "12943347"]
[BlackFideId "16225481"]
[EventCountry "GER"]
[EventRounds "9"]
[EventType "swiss"]
[EventDate "2017.06.03"]

1. e4 {[%clk 1:30:56]} 1... e5 {[%clk 1:30:56]} 2. Nf3 {[%clk 1:31:15]} 2...
Nc6 {[%clk 1:31:19]} 3. Bb5 {[%clk 1:31:38]} 3... a6 {[%clk 1:31:41]} 4. Bxc6 {
[%clk 1:32:00]} 4... dxc6 {[%clk 1:31:59]} 5. O-O {[%clk 1:32:22]} 5... Qf6 {
[%clk 1:32:20]} 6. d4 {[%clk 1:27:15]} 6... exd4 {[%clk 1:30:01]} 7. Bg5 {
[%clk 1:13:25]} 7... Qd6 {[%clk 1:23:56]} 8. Qxd4 {[%clk 0:53:14]} 8... Bg4 {
[%clk 1:17:34]} 9. Nbd2 {[%clk 0:40:31]} 9... f6 {[%clk 0:42:57]} 10. Bh4 {
[%clk 0:37:57]} 10... c5 {[%clk 0:36:18]} 11. Qc3 {[%clk 0:35:24]} 11... Ne7 {
[%clk 0:33:34]} 12. Rad1 {[%clk 0:31:15]} 12... Qc6 {[%clk 0:32:24]} 13. Rfe1 {
[%clk 0:21:12]} 13... Ng6 {[%clk 0:31:45]} 14. Bg3 {[%clk 0:20:46]} 14... Bd6 {
[%clk 0:30:16]} 15. e5 {[%clk 0:15:01]} 15... fxe5 {[%clk 0:26:11]} 16. Bxe5 {
[%clk 0:14:33]} 16... O-O-O {[%clk 0:24:43]} 17. Bxg7 {[%clk 0:11:53]} 17...
Rhg8 {[%clk 0:24:00]} 18. h3 {[%clk 0:02:49]} 18... Rd7 {[%clk 0:20:36]} 19.
Bf6 {[%clk 0:01:35]} 19... Bxf3 {[%clk 0:18:20]} 20. Qxf3 {[%clk 0:01:02]}
20... Qxf3 {[%clk 0:17:46]} 21. Nxf3 {[%clk 0:01:19]} 21... Rf7 {[%clk 0:17:58]
} 22. Bc3 {[%clk 0:00:49]} 22... Nf4 {[%clk 0:18:00]} 23. Ne5 {[%clk 0:00:51]}
23... Bxe5 {[%clk 0:16:34]} 24. Bxe5 {[%clk 0:00:47]} 24... Nxh3+ { [%clk
0:16:23]} 25. Kh2 {[%clk 0:01:02]} 25... Rf5 {[%clk 0:16:07]} 26. gxh3 { [%clk
0:00:45]} 26... Rxf2+ {[%clk 0:15:57]} 27. Kh1 {[%clk 0:00:53]} 27... Rf3
{[%clk 0:14:35]} 28. Rg1 {[%clk 0:00:45]} 28... Rxh3+ {[%clk 0:14:43]} 29. Bh2
{[%clk 0:01:12]} 29... Re8 {[%clk 0:14:28]} 30. Rg7 {[%clk 0:01:12]} 30... Kb8
{[%clk 0:14:17]} 31. Rg2 {[%clk 0:01:04]} 31... Ka7 {[%clk 0:13:54]} 32. Kg1 {
[%clk 0:01:11]} 32... c6 {[%clk 0:14:11]} 33. Rg3 {[%clk 0:00:56]} 33... Rh6 {
[%clk 0:14:17]} 34. Kf2 {[%clk 0:00:59]} 34... Rxh2+ {[%clk 0:14:32]} 35. Rg2 {
[%clk 0:01:00]} 35... Rxg2+ {[%clk 0:14:40]} 36. Kxg2 {[%clk 0:01:23]} 36...
Re2+ {[%clk 0:14:50]} 37. Kf3 {[%clk 0:01:43]} 37... Rxc2 {[%clk 0:15:01]} 38.
Rh1 {[%clk 0:01:47]} 38... Rxb2 {[%clk 0:15:24]} 39. Rxh7 {[%clk 0:02:11]}
39... Rxa2 {[%clk 0:15:50]} 40. Rh4 {[%clk 0:02:25]} 40... Kb6 {[%clk 0:15:53]}
0-1

[Event "DEM U14w 2017"]
[Site "Willingen GER"]
[Date "2017.06.10"]
[Round "9"]
[White "Bohrer, Katharina"]
[Black "Basovskiy, Jana"]
[Result "0-1"]
[Termination "normal"]
[Board "6"]
[WhiteElo "1176"]
[BlackElo "1741"]
[WhiteClock "00:21:15"]
[BlackClock "00:35:38"]
[PlyCount "112"]
[WhiteFideId "16225457"]
[BlackFideId "16208617"]
[EventCountry "GER"]
[EventRounds "9"]
[EventType "swiss"]
[EventDate "2017.06.03"]

1. d4 {[%clk 1:30:58]} 1... d5 {[%clk 1:30:55]} 2. Nf3 {[%clk 1:31:24]} 2... e6
{[%clk 1:31:20]} 3. e3 {[%clk 1:31:51]} 3... Nf6 {[%clk 1:31:46]} 4. Bd3 {
[%clk 1:32:17]} 4... c5 {[%clk 1:31:58]} 5. c3 {[%clk 1:32:42]} 5... Nc6 {
[%clk 1:32:18]} 6. O-O {[%clk 1:33:03]} 6... Bd6 {[%clk 1:32:45]} 7. Nbd2 {
[%clk 1:33:18]} 7... O-O {[%clk 1:32:53]} 8. Qe2 {[%clk 1:33:15]} 8... b6 {
[%clk 1:32:25]} 9. e4 {[%clk 1:29:59]} 9... cxd4 {[%clk 1:16:53]} 10. cxd4 {
[%clk 1:28:11]} 10... dxe4 {[%clk 1:15:27]} 11. Nxe4 {[%clk 1:27:55]} 11... Bb7
{[%clk 1:15:20]} 12. Bg5 {[%clk 1:23:56]} 12... Be7 {[%clk 1:11:52]} 13. Nxf6+
{[%clk 1:17:59]} 13... Bxf6 {[%clk 1:12:07]} 14. Bxf6 {[%clk 1:18:15]} 14...
Qxf6 {[%clk 1:12:33]} 15. Qe4 {[%clk 1:17:18]} 15... g6 {[%clk 1:12:55]} 16.
Rad1 {[%clk 1:04:39]} 16... Rfd8 {[%clk 1:08:54]} 17. Be2 {[%clk 0:58:23]}
17... Nxd4 {[%clk 0:56:01]} 18. Qe3 {[%clk 0:43:01]} 18... Nxe2+ { [%clk
0:53:21]} 19. Qxe2 {[%clk 0:43:01]} 19... Rd5 {[%clk 0:42:59]} 20. Rxd5 { [%clk
0:33:43]} 20... Bxd5 {[%clk 0:43:24]} 21. b3 {[%clk 0:33:09]} 21... Bxf3 {[%clk
0:38:47]} 22. Qxf3 {[%clk 0:33:21]} 22... Qxf3 {[%clk 0:38:52]} 23. gxf3 {[%clk
0:33:44]} 23... Rd8 {[%clk 0:39:03]} 24. Kg2 {[%clk 0:33:21]} 24... Rd2 {[%clk
0:39:24]} 25. Ra1 {[%clk 0:33:37]} 25... Kg7 {[%clk 0:39:37]} 26. h3 { [%clk
0:33:29]} 26... Kf6 {[%clk 0:40:02]} 27. Kg3 {[%clk 0:32:23]} 27... Kf5 { [%clk
0:35:33]} 28. h4 {[%clk 0:26:22]} 28... h5 {[%clk 0:35:34]} 29. a3 { [%clk
0:24:58]} 29... Rb2 {[%clk 0:34:25]} 30. b4 {[%clk 0:25:16]} 30... Rb3 { [%clk
0:34:51]} 31. Ra2 {[%clk 0:19:30]} 31... e5 {[%clk 0:33:56]} 32. Kg2 { [%clk
0:19:00]} 32... Kf4 {[%clk 0:34:15]} 33. Ra1 {[%clk 0:19:01]} 33... Rxf3 {[%clk
0:34:18]} 34. Ra2 {[%clk 0:19:23]} 34... Rb3 {[%clk 0:34:29]} 35. Kh2 { [%clk
0:18:56]} 35... Kg4 {[%clk 0:34:50]} 36. Kg2 {[%clk 0:19:06]} 36... Kxh4 {[%clk
0:35:14]} 37. Ra1 {[%clk 0:19:24]} 37... Kg4 {[%clk 0:34:18]} 38. Ra2 { [%clk
0:19:37]} 38... h4 {[%clk 0:34:33]} 39. Kh2 {[%clk 0:19:49]} 39... g5 { [%clk
0:34:32]} 40. Kg2 {[%clk 0:20:10]} 40... Kf4 {[%clk 0:34:38]} 41. Ra1 { [%clk
0:19:56]} 41... g4 {[%clk 0:34:40]} 42. Ra2 {[%clk 0:20:01]} 42... f5 { [%clk
0:34:11]} 43. Ra1 {[%clk 0:20:10]} 43... h3+ {[%clk 0:34:12]} 44. Kh2 { [%clk
0:20:33]} 44... Rb2 {[%clk 0:34:28]} 45. Rf1 {[%clk 0:20:56]} 45... Ra2 { [%clk
0:34:21]} 46. Kh1 {[%clk 0:21:11]} 46... Rxa3 {[%clk 0:34:34]} 47. Kh2 { [%clk
0:21:32]} 47... Rb3 {[%clk 0:34:22]} 48. Re1 {[%clk 0:20:49]} 48... Rxb4 {[%clk
0:34:17]} 49. f3 {[%clk 0:20:42]} 49... Rb2+ {[%clk 0:34:33]} 50. Kh1 { [%clk
0:20:46]} 50... g3 {[%clk 0:34:11]} 51. Rc1 {[%clk 0:19:58]} 51... a5 { [%clk
0:33:28]} 52. Rc4+ {[%clk 0:20:02]} 52... Kg5 {[%clk 0:33:54]} 53. Rc1 { [%clk
0:20:24]} 53... a4 {[%clk 0:34:20]} 54. Rd1 {[%clk 0:20:37]} 54... a3 { [%clk
0:34:46]} 55. Rc1 {[%clk 0:21:04]} 55... a2 {[%clk 0:35:11]} 56. Rd1 { [%clk
0:21:15]} 56... Rb1 {[%clk 0:35:38]} 0-1

[Event "DEM U14w 2017"]
[Site "Willingen GER"]
[Date "2017.06.10"]
[Round "9"]
[White "Zell, Hannah"]
[Black "Rothenberg, Nina"]
[Result "1/2-1/2"]
[Termination "normal"]
[Board "7"]
[WhiteElo "1489"]
[BlackElo "1594"]
[PlyCount "64"]
[WhiteFideId "16208900"]
[BlackFideId "16208943"]
[EventCountry "GER"]
[EventRounds "9"]
[EventType "swiss"]
[EventDate "2017.06.03"]

1. e4 e5 2. Nf3 Nc6 3. Bb5 a6 4. Ba4 Nf6 5. O-O b5 6. Bb3 Nxe4 7. Re1 d5 8. d3
Nf6 9. Nxe5 Nxe5 10. Rxe5+ Be6 11. c3 Bd6 12. Re1 O-O 13. Nd2 c6 14. Nf3 Qc7
15. h3 Rfe8 16. Bc2 Bf5 17. Nd4 Bg6 18. Be3 h6 19. a4 b4 20. a5 bxc3 21. bxc3
c5 22. Nf3 Rac8 23. Ba4 Re7 24. Re2 Rb8 25. Bc2 Nd7 26. d4 Rbe8 27. Bxg6 fxg6
28. Rb2 c4 29. Qb1 Kh7 30. Rb7 Qc6 31. h4 Nf6 32. Rb6 Qc7 1/2-1/2

[Event "DEM U14w 2017"]
[Site "Willingen GER"]
[Date "2017.06.10"]
[Round "9"]
[White "Ruhmke, Rebecca"]
[Black "Pavlov, Liliane"]
[Result "0-1"]
[Termination "normal"]
[Board "8"]
[WhiteElo "1127"]
[BlackElo "1479"]
[PlyCount "59"]
[WhiteFideId "16235991"]
[BlackFideId "16225449"]
[EventCountry "GER"]
[EventRounds "9"]
[EventType "swiss"]
[EventDate "2017.06.03"]

1. e4 d5 2. exd5 Nf6 3. d4 Nxd5 4. c4 Nb6 5. Nf3 g6 6. a4 a5 7. Be2 Bg7 8. O-O
O-O 9. Be3 Nc6 10. Nc3 Bg4 11. d5 Bxf3 12. Bxf3 Ne5 13. Bxb6 cxb6 14. Be2 Rc8
15. b3 Nxc4 16. bxc4 Bxc3 17. Rb1 Bb4 18. Qd4 Bc5 19. Qh4 Re8 20. Bg4 e6 21.
Qh6 Bf8 22. Qe3 exd5 23. Qxb6 Qxb6 24. Rxb6 Rxc4 25. Rxb7 Rxg4 26. Rb5 Rxa4 27.
Rxd5 Ra8 28. g3 Ra2 29. Rc1 a4 30. Rcc5 0-1

[Event "DEM U14w 2017"]
[Site "Willingen GER"]
[Date "2017.06.10"]
[Round "9"]
[White "Ortlepp, Klaudia"]
[Black "Jung, Karina"]
[Result "1-0"]
[Termination "normal"]
[Board "9"]
[WhiteElo "1631"]
[BlackElo "1614"]
[PlyCount "49"]
[WhiteFideId "16206045"]
[BlackFideId "16222865"]
[EventCountry "GER"]
[EventRounds "9"]
[EventType "swiss"]
[EventDate "2017.06.03"]

1. e4 e5 2. Nf3 Nc6 3. d4 exd4 4. Bc4 Bc5 5. c3 dxc3 6. Bxf7+ Kxf7 7. Qd5+ Ke8
8. Qh5+ g6 9. Qxc5 Qe7 10. Qc4 Nb4 11. O-O Nf6 12. Nxc3 Nc6 13. Bg5 Qf7 14. Nd5
Nxd5 15. exd5 h6 16. Rfe1+ Kf8 17. Bh4 d6 18. Qc3 Ne5 19. Nxe5 dxe5 20. Qxe5
Rg8 21. Be7+ Ke8 22. Qxc7 Bd7 23. Ba3+ Be6 24. Rxe6+ Qxe6 25. dxe6 1-0

[Event "DEM U14w 2017"]
[Site "Willingen GER"]
[Date "2017.06.10"]
[Round "9"]
[White "Fuchs, Emily"]
[Black "Hoffmann, Vanessa"]
[Result "1-0"]
[Termination "normal"]
[Board "10"]
[WhiteElo "1225"]
[BlackElo "1022"]
[PlyCount "113"]
[WhiteFideId "16208986"]
[BlackFideId "16244672"]
[EventCountry "GER"]
[EventRounds "9"]
[EventType "swiss"]
[EventDate "2017.06.03"]

1. e4 c5 2. d4 cxd4 3. c3 d3 4. Bxd3 Nc6 5. Nf3 Nf6 6. e5 Ng4 7. Bf4 d6 8. Bb5
a6 9. Bxc6+ bxc6 10. h3 dxe5 11. Qxd8+ Kxd8 12. Nxe5 Nxe5 13. Bxe5 f6 14. Bd4
Rb8 15. b3 e5 16. Be3 Bd6 17. Nd2 Ke7 18. O-O g5 19. Kh1 h5 20. Rae1 Bf5 21. f4
e4 22. g3 h4 23. g4 Bg6 24. Kg2 f5 25. gxf5 Bxf5 26. fxg5 Bg3 27. Bf2 Rhg8 28.
Nxe4 Bxf2 29. Rxf2 Bxe4+ 30. Rxe4+ Kd6 31. Rd2+ Kc5 32. Rc4+ Kb6 33. Rxh4 Rxg5+
34. Rg4 Rbg8 35. Rxg5 Rxg5+ 36. Kf3 Rg7 37. Rd4 Rf7+ 38. Rf4 Rg7 39. h4 Kc7 40.
h5 Rh7 41. Rf5 Rg7 42. Rf6 Rh7 43. Kg4 Rg7+ 44. Rg6 Rh7 45. Kg5 Kd7 46. h6 Re7
47. Rg7 Ke6 48. Rxe7+ Kxe7 49. h7 Kd6 50. h8=Q Kc7 51. Qd4 Kb7 52. Kf6 Kc7 53.
Ke6 Kc8 54. Qd7+ Kb8 55. Kd6 Ka8 56. Kxc6 Kb8 57. Qb7# 1-0